00531nam a22001697a 450000500170000001000150001702000270003203500130005903700130007208200190008510000190010424500570012326000420018027000720022230000270029450000400032120140908110537.0 aENG-110761 a9788183876698c1550.00 aEN-94293 bDBAD/PUB a362.1042570954 aDhandapani, C. aFacets of rural health in India /c by C. Dhandapani aNew DelhibSerials Publicationsc2014 a4830/24, Prahlad street, Ansari Road, Darya GanjbNew Delhie110002 axviii,415p. c22cm(Hb) aIncludes bibliographical references